Statistiques concernant Tableau des médailles - Jeux Olympiques d'hiver de Pékin 2022

Cliquez ici pour prendre le quiz!

Statistiques générales

  • Ce quiz a été pris 310 fois
  • Le résultat moyen est 9 sur 10

Statistiques - réponses

ClassementPaysOrArgentBronzeTotal% Correct
10France57214
99%
4Etats-Unis810725
97%
3Chine94215
96%
1Norvège1681337
93%
9ROC6121432
91%
5Suède85518
91%
2Allemagne1210527
89%
8Suisse72514
77%
7Autriche77418
68%
6Pays-Bas85417
63%

Distribution des résultats

Percentile par nombre de réponses

% des personnes avec chaque résultat

Votre développement - résultats

Vous n’avez pas pris ce quiz